Las depresiones : afectos y humores del vivir /

Uloženo v:
Podrobná bibliografie
Hlavní autor: Hornstein, Luis (autor)
Médium: Kniha
Jazyk:španělština
Vydáno: Buenos Aires, Argentina : Paidós, 2006, c2006
Edice:(Psicología Profunda ; 256)
Témata:
Tagy: Přidat tag
Žádné tagy, Buďte první, kdo vytvoří štítek k tomuto záznamu!

MARC

LEADER 00000nam^a2200000^a^4500
001 000262160
005 20250521000000.0
009 20260526133658.273
020 |a 950-12-4256-0 
037 |a Acervo ITESO - Biblioteca 
041 |a ESP 
082 |a 616. 8527  |b HOR 
100 |a Hornstein, Luis  |e (autor) 
245 1 4 |a Las depresiones :  |b afectos y humores del vivir /  |c L. Hornstein. 
264 4 |a Buenos Aires, Argentina :  |b Paidós,  |c 2006, c2006 
300 |a 263 p. 
336 |a texto  |b txt  |2 rdacontenido 
337 |a sin mediación  |b n  |2 rdamedio 
338 |a volumen  |b nc  |2 rdasoporte 
440 1 |a (Psicología Profunda ;  |v 256) 
649 |a XX 
650 |a Depresión 
650 |a Suicidio 
650 |a Autoestima 
650 |a Terapia Conductual-Cognoscitiva 
650 |a Terapia Centrada en la Persona 
650 |a Psicoterapia Psicoanalítica 
650 |a Psicoterapia 
650 |a Farmacología 
650 |a Psicología Clínica 
910 |a Fondo General 
920 |a Impresos - Libros 
930 |a Colección General 
905 |a 101 
901 |a 0500142897  |b IT1  |c ACC  |u 20250521 
902 |a https://opac.biblio.iteso.mx/vufind/Record/000262160